Pays ayant l’anglais pour langue officielle - Statistiques

Statistiques générales
  • Ce quiz a été pris 107 fois
  • Le résultat moyen est 38 sur 59
Statistiques - réponses
Pays % Correct
Royaume-Uni
99%
États-Unis
98%
Irlande
96%
Canada
93%
Australie
92%
Afrique du Sud
89%
Nouvelle-Zélande
89%
Jamaïque
78%
Nigeria
77%
Guyana
75%
Inde
73%
Zimbabwe
71%
Fidji
70%
Lesotho
70%
Tonga
70%
Kenya
69%
Tanzanie
69%
Samoa
68%
Zambie
68%
Barbade
67%
Antigua-et-Barbuda
65%
Sainte-Lucie
65%
Eswatini
64%
Singapour
64%
Botswana
63%
Saint-Vincent-et-les-Grenadines
63%
Soudan
63%
Trinité-et-Tobago
63%
Vanuatu
63%
Îles Marshall
62%
Malte
62%
Pakistan
62%
Belize
60%
Ghana
60%
Kiribati
60%
Micronésie
59%
Nauru
59%
Papouasie Nouvelle-Guinée
59%
Tuvalu
59%
Bahamas
58%
Gambie
58%
Rwanda
58%
Grenade
57%
Îles Salomon
57%
Liberia
57%
Malawi
57%
Namibie
57%
Seychelles
57%
Cameroun
56%
Dominique
56%
Ouganda
56%
Soudan du Sud
56%
Érythrée
55%
Maurice
55%
Palaos
53%
Sierra Leone
52%
Brunei
42%
Philippines
42%
Saint-Christophe-et-Niévès
37%
Aucun quiz correspondant
Distribution des résultats
% des personnes avec chaque résultat
Percentile par nombre de réponses
Votre historique - résultats
Vous n’avez pas pris ce quiz